| 000 | 008020000a22002170004500 | ||
|---|---|---|---|
| 020 | _a958-95564-5-0 | ||
| 041 | 0 | _aSPA | |
| 082 | 0 | 4 | _aG 150 G215d |
| 100 | 1 | _aGarcía Restrepo, Luis E | |
| 245 | 1 | 0 | _aEl desarrollo de los conceptos psicológicos : Una introducción a la historia de la psicología / Luis E. García Restrepo |
| 250 | _a2 | ||
| 260 | _aBogotá, Colombia : Limusa | ||
| 300 | _a297 Pag. | ||
| 505 | 0 | 0 | _ahistoria ciencia y psicología -- periodo filosófico de la psicología -- siglo XIX: periodo de preparación científica -- los enfoques del siglo XX -- psicología hoy: temas y problemas |
| 650 | 1 | 4 | _aPSICOLOGIA - HISTORIA |
| 001 | 1042 | ||
| 942 | _cBK | ||
| 999 |
_c32407 _d32407 |
||
| 336 |
_atexto _btxt _2rdacontent |
||
| 337 |
_2rdamedia _asin mediación _bn |
||
| 338 |
_2rdacarrier _avolumen _bnc |
||